00451 a2200169 4500001000700000020001800007040002200025041001600047082002500063100001900088245004600107260002500153300000700178362001300185490005500198500002800253138399 a9788502028609 cLeonardo Da Vinci aPortuguês a981.034 B427ibB427i aBERBEL, MARCIA aA independência do Brasil (1808 - 1828) b.c2011aSão Paulo a47 a20110000 aQue história é esta?aQue história é esta? aBiblioteca Alphaville 2